000 00630nam a2200205 a 4500
001 000015336
005 20240412074243.0
008 100205s2007 dr a 001 0 spa d
020 _a9945405470
040 _aDO-SdBNP
_bspa
_cBNPHU
082 _aRD861.44
_bG993v
100 1 _aGuzmán Ceballos, Rita
_934668
245 1 0 _aVoces cercanas al silencio /
_cRita Guzmán Ceballos.
260 _aSanto Domingo :
_bManatí,
_c2007.
300 _a111 p. :
_bil. ;
_c21 cm.
590 _aInventariado, 2018/LP
650 0 _aPoesía dominicana
_966
650 0 _aLiteratura dominicana.
_967
910 _aValidado. Control de calidad BNPHU
999 _c14902
_d14902